000 00555nam a22001937a 4500
005 20251108170454.0
008 250721s9999 xx 000 0 ara d
082 1 4 _aط/ق/عبد
100 1 _aالأبراشي، محمد عطيه
245 1 0 _aالكتاب العجيب /
264 1 _aالقاهره :
_bمكتبة مصر،
_c[19-].
300 _a48ص
490 0 _aسلسلة مكتبة الطفل
650 1 7 _aأدب الأطفال
650 1 7 _aالقصص العربية
650 1 7 _aالروايات
942 _2ddc
_cBK
999 _c41310
_d41310